=LDR 00000nam 2200000 4500 =001 INLIS000000000038992 =005 20130612144641 =008 ***********************************ind** =035 ##$$0010-061300000038992 =041 ##$$a ind =082 ##$$a 818.83 =090 ##$$a 818.83, Bra s =100 ##$$a BRAHM, Ajahn =245 ##$$a Si cacing dan kotoran kesayangannya 21, Ajahn brahm;Penerjemah, Fasfan santacitta =260 ##$$a 2011 $b Jakarta =300 ##$$a 344 Hlm, 21 Cm =650 ##$$a CERITA HISTORIS =850 ##$$a NBPNMAT =990 ##$$a 0001/BPAP-NTB/20142014 =990 ##$$a 0001/BPAP-NTB/20142014 =990 ##$$a 35623562 =990 ##$$a 21109268 =990 ##$$a 0001/BPAP-NTB/20142014 =990 ##$$a 0001/BPAP-NTB/20142014